Nobody's Grandmother: (Record no. 189842)

MARC details
000 -LEADER
fixed length control field 00563nam a2200181 4500
005 - DATE AND TIME OF LATEST TRANSACTION
control field 20220713155429.0
010 ## - LCCN (DPL NO)
LC control number ENG-133521
020 ## - INTERNATIONAL STANDARD BOOK NUMBER
International Standard Book Number 9789390961832
Terms of availability 495.00
035 ## - SYSTEM CONTROL NUMBER
System control number EN-117053
037 ## - SOURCE OF ACQUISITION
Source of stock number/acquisition DBAD/PUB
082 ## - DEWEY DECIMAL CLASSIFICATION NUMBER
Classification number S
100 ## - MAIN ENTRY--PERSONAL NAME
Personal name Barua , A C
245 ## - TITLE STATEMENT
Title Nobody's Grandmother:
Remainder of title Stories From Inside An Elderly Home
Statement of responsibility, etc A C Barua
260 ## - PUBLICATION, DISTRIBUTION, ETC. (IMPRINT)
Place of publication, distribution, etc New Delhi
Name of publisher, distributor, etc Vitasta Publishingb Pvt Ltd
Date of publication, distribution, etc 2022
270 ## - ADDRESS
City New Delhi
Address 2/15, Ansari Road , daryaganj
Postal code 110002
Electronic mail address info@vitastapublishing.com
300 ## - PHYSICAL DESCRIPTION
Extent xx;329p.
Dimensions 20cm. (pbk)
942 ## - ADDED ENTRY ELEMENTS (KOHA)
Source of classification or shelving scheme Dewey Decimal Classification
Item type English Books
Classification part S
Call number suffix BAR
Holdings
Withdrawn status Lost status Not for loan Collection code Home library Current library Date acquired Source of acquisition Cost, normal purchase price Full call number Barcode Copy number Cost, replacement price Koha item type
      Fiction Bawana Bawana 13/07/2022 DBAD/PUB 495.00 S BAR EN-117053 1 495.00 English Books

© Delhi Public Library
Hit Counter
free hit counter